|
|
|
|
| LEADER |
02085nam a2200517 i 4500 |
| 001 |
nkc20233545600 |
| 003 |
CZ PrNK |
| 005 |
20231108091901.0 |
| 007 |
ta |
| 008 |
230831s2023 xr a e p 000 0 cze |
| 015 |
|
|
|a cnb003545600
|
| 020 |
|
|
|a 978-80-280-0338-8
|q (brožováno)
|
| 035 |
|
|
|a (OCoLC)1408816283
|
| 040 |
|
|
|a BOA001
|b cze
|e rda
|
| 072 |
|
7 |
|a 61
|x Lékařské vědy. Lékařství
|2 Konspekt
|9 14
|
| 072 |
|
7 |
|a 37.016
|x Učební osnovy. Vyučovací předměty. Učebnice
|2 Konspekt
|9 22
|
| 080 |
|
|
|a 61:575
|2 MRF
|
| 080 |
|
|
|a 577.2:61
|2 MRF
|
| 080 |
|
|
|a (075.8)
|2 MRF
|
| 100 |
1 |
|
|a Slabý, Ondřej,
|d 1981-
|7 js20030220015
|4 aut
|
| 245 |
1 |
0 |
|a Lékařská biologie.
|n II,
|p Genetika a molekulární medicína /
|c Ondřej Slabý a kolektiv autorů
|
| 246 |
3 |
0 |
|a Genetika a molekulární medicína
|
| 250 |
|
|
|a 1. vydání
|
| 264 |
|
1 |
|a Brno :
|b Masarykova univerzita,
|c 2023
|
| 300 |
|
|
|a 228 stran :
|b ilustrace ;
|c 30 cm
|
| 336 |
|
|
|a text
|b txt
|2 rdacontent
|
| 337 |
|
|
|a bez média
|b n
|2 rdamedia
|
| 338 |
|
|
|a svazek
|b nc
|2 rdacarrier
|
| 500 |
|
|
|a Nad názvem: MUNI MED
|
| 500 |
|
|
|a 1500 výtisků
|
| 504 |
|
|
|a Obsahuje bibliografie
|
| 650 |
0 |
7 |
|a lékařská genetika
|7 ph122497
|2 czenas
|
| 650 |
0 |
7 |
|a molekulární medicína
|7 ph349426
|2 czenas
|
| 650 |
0 |
9 |
|a medical genetics
|2 eczenas
|
| 650 |
0 |
9 |
|a molecular medicine
|2 eczenas
|
| 655 |
|
7 |
|a učebnice vysokých škol
|7 fd133772
|2 czenas
|
| 655 |
|
9 |
|a textbooks (higher)
|2 eczenas
|
| 710 |
2 |
|
|a Masarykova univerzita.
|b Lékařská fakulta
|7 kn20010709277
|4 isb
|
| 910 |
2 |
|
|a BOA001
|b 4-1491.621,2
|
| 990 |
|
|
|a BK
|
| 995 |
|
|
|a 01
|
| 991 |
|
|
|b 202309
|c NOV
|
| 996 |
6 |
|
|b 2610948369
|c 4-1491.621,2
|l MZK
|r Sklad / do 1 hodiny
|n 0
|p p.v.
|w 001938406
|u 000010
|a 1
|e BOA001
|j MZK50
|s P
|
| 996 |
7 |
|
|b 2610948370
|c 4-1491.621,2
|l MZK
|r Sklad / do 1 hodiny
|n 9
|p p.v.
|w 001938406
|u 000020
|a 1
|e BOA001
|j MZK50
|s A
|
| 996 |
7 |
|
|b 2610952887
|c 4-1491.621,2
|l MZK
|r Sklad / do 1 hodiny
|n 4
|p kup
|w 001938406
|u 000030
|a 1
|e BOA001
|j MZK50
|s A
|
| 996 |
7 |
|
|b 2610952888
|c 4-1491.621,2
|l MZK
|r Sklad / do 1 hodiny
|n 2
|p kup
|w 001938406
|u 000040
|a 1
|e BOA001
|j MZK50
|s A
|